• 首页
  • 本馆介绍
  • 公告通知
  • 最新文献
  • 馆藏检索
  • 电子资源
  • 读者导购
  • 参考咨询
  • 我的图书馆
  • 登录
  • 详细信息显示
  • 放入我的书架
  • 预约/预借图书
  • 作者相关作品
  • 分类相关作品
  • 丛书相关作品
  • 出版社相关作品

书目信息

  • 表格格式
  • 工作单格式
  • 卡片格式
题名:
金属焊接与切割
    
 
作者: ;程凤阁 译 ;苏联中央建筑情报研究所 编
分册:  
出版信息: 北京   建筑工程出版社  1957
页数: 28页
开本: 20cm
丛书名:
单 册:
中图分类: TG4
科图分类:
主题词: 焊接 , 切割 , 金属--粘接
电子资源:
ISBN:
000 00796nam0 2200253 450
001 0656650148
005 20060302154831.25
010    @dCNY0.16
091    @a15040.534
100    @a20060302d1957 km y0chiy0120 ea
101 0  @achi
102    @aCN@b110000
200 1  @a金属焊接与切割@Ajin shu han jie yu qie ge@f苏联中央建筑情报研究所编@Fsu lian zhong yang jian zhu qing bao yan jiu suo bian@g程凤阁译@Gcheng feng ge yi
210    @a北京@c建筑工程出版社@d1957
215 1  @a28页@d20cm
300    @a苏联中央建筑情报研究所
606 0  @a焊接
606 0  @a切割
606 0  @a金属@x粘接
690    @aTG4@v4
702  0 @a程凤阁@Acheng feng ge@4译
711  0 @a苏联中央建筑情报研究所@Asu lian zhong yang jian zhu qing bao yan jiu suo@4编
801  0 @aCN@bPFT@c20060302
905    @a10447@dTG4@e7
    
    金属焊接与切割/苏联中央建筑情报研究所编/程凤阁译.-北京:建筑工程出版社,1957
    28页;20cm
    苏联中央建筑情报研究所
    
    ISBN :CNY0.16
    
●
相关链接 在E读中查询图书 在五车中查询图书 在当当中查询图书 在豆瓣中查询图书


正题名:金属焊接与切割     索取号:TG4/7         预约/预借

序号 登录号 条形码 馆藏地/架位号 状态 备注
1 0018015   202184439   密集书库/ [索取号:TG4/7] 在馆    
唐山师范学院图书馆 欢迎您!
大连网信软件有限公司© 版权所有